Gemeinden im Kanton Basel-Land - Statistiken

Allgemein
  • Dieses Quiz wurde 288 mal gespielt
  • Das Durchschnittsergebnis liegt bei 44 aus 86
Antwortstatistiken
Bezirk Gemeinde % Korrekt
Sissach Sissach
96%
Arlesheim Arlesheim
95%
Liestal Liestal
95%
Laufen Burg im Leimental
94%
Laufen Laufen
93%
Waldenburg Waldenburg
86%
Liestal Pratteln
83%
Arlesheim Muttenz
82%
Arlesheim Aesch (BL)
71%
Arlesheim Therwil
70%
Arlesheim Oberwil (BL)
67%
Arlesheim Binningen
65%
Sissach Gelterkinden
64%
Arlesheim Münchenstein
64%
Arlesheim Bottmingen
63%
Liestal Lausen
63%
Arlesheim Allschwil
61%
Liestal Bubendorf
61%
Liestal Frenkendorf
61%
Arlesheim Reinach (BL)
61%
Laufen Zwingen
60%
Liestal Füllinsdorf
58%
Arlesheim Biel-Benken
55%
Waldenburg Diegten
55%
Waldenburg Eptingen
55%
Waldenburg Oberdorf (BL)
55%
Sissach Tecknau
55%
Liestal Augst
52%
Arlesheim Birsfelden
52%
Sissach Buus
52%
Waldenburg Reigoldswil
52%
Laufen Grellingen
51%
Sissach Zunzgen
51%
Arlesheim Ettingen
50%
Sissach Itingen
50%
Waldenburg Niederdorf
50%
Sissach Anwil
49%
Laufen Duggingen
49%
Arlesheim Schönenbuch
49%
Liestal Arisdorf
48%
Laufen Blauen
48%
Sissach Böckten
48%
Sissach Buckten
48%
Sissach Läufelfingen
48%
Liestal Seltisberg
46%
Arlesheim Pfeffingen
45%
Laufen Röschenz
45%
Sissach Wintersingen
45%
Liestal Ziefen
45%
Sissach Oltingen
44%
Laufen Liesberg
43%
Sissach Maisprach
43%
Sissach Ormalingen
43%
Laufen Brislach
42%
Waldenburg Hölstein
42%
Sissach Nusshof
42%
Sissach Tenniken
42%
Laufen Dittingen
40%
Waldenburg Titterten
40%
Waldenburg Arboldswil
39%
Waldenburg Bretzwil
39%
Sissach Diepflingen
39%
Waldenburg Lampenberg
39%
Waldenburg Langenbruck
39%
Liestal Ramlinsburg
39%
Laufen Wahlen
39%
Liestal Giebenach
38%
Sissach Wenslingen
38%
Waldenburg Bennwil
37%
Sissach Hemmiken
37%
Liestal Hersberg
37%
Waldenburg Liedertswil
37%
Sissach Rickenbach (BL)
37%
Sissach Rothenfluh
37%
Sissach Zeglingen
37%
Sissach Häfelfingen
36%
Liestal Lupsingen
36%
Laufen Roggenburg
36%
Sissach Rünenberg
36%
Sissach Känerkinden
35%
Waldenburg Lauwil
35%
Laufen Nenzlingen
35%
Sissach Thürnen
35%
Sissach Kilchberg (BL)
33%
Sissach Rümlingen
32%
Sissach Wittinsburg
29%
Keine übereinstimmenden Quizze gefunden
Verteilung der Resultate
Anzahl Personen mit jedem Resultat
Perzentil nach korrekt beantworteten Fragen
Ihre Resultats-Entwicklung
Sie haben dieses Quiz noch nicht gespielt